[Event "Relampago R-029 corr"]
[Site "CXV corr"]
[Date "2001.07.03"]
[Round "?"]
[White "Lingenover, Peterson"]
[Black "Galvez Ponziano, Ricardo"]
[Result "1/2-1/2"]
[WhiteElo "1554"]
[BlackElo "1760"]
[PlyCount "28"]
[EventDate "2001.??.??"]
[EventType "tourn (corr)"]
[EventRounds "12"]
[EventCountry "BRA"]
[SourceTitle "Corr 2004"]
[Source "ChessBase"]
[SourceDate "2003.04.28"]
[SourceVersion "3"]
[SourceVersionDate "2003.04.28"]
[SourceQuality "1"]

1. e4 c5 2. Nf3 d6 3. d4 cxd4 4. Nxd4 Nf6 5. Nc3 Nc6 6. Bc4 Qb6 7. Nde2 e6 8. 0-0 Be7 9. Be3 Qc7 10. Bb5 0-0 11. Qd2 a6 12. Bxc6 bxc6 13. Bg5 Rd8 14. Rfe1 h6 1/2-1/2

[Event "Relampago R-025 corr"]
[Site "CXV corr"]
[Date "2001.02.07"]
[Round "?"]
[White "Fagundes, Antonio GS"]
[Black "Lingenover, Peterson"]
[Result "1-0"]
[WhiteElo "1624"]
[BlackElo "1540"]
[PlyCount "103"]
[EventDate "2001.??.??"]
[EventType "tourn (corr)"]
[EventRounds "6"]
[EventCountry "BRA"]
[SourceTitle "Corr 2004"]
[Source "ChessBase"]
[SourceDate "2003.04.28"]
[SourceVersion "3"]
[SourceVersionDate "2003.04.28"]
[SourceQuality "1"]

1. e4 e5 2. Nf3 Nc6 3. Bc4 Nf6 4. d4 exd4 5. 0-0 Bc5 6. e5 d5 7. exf6 dxc4 8. Re1+ Be6 9. Ng5 Qxf6 10. Nxe6 fxe6 11. Qh5+ g6 12. Qxc5 Rf8 13. f3 0-0-0 14. Bg5 Rd5 15. Qxd5 exd5 16. Bxf6 Rxf6 17. a3 b6 18. Nd2 d3 19. cxd3 cxd3 20. Nb3 a5 21. Rad1 a4 22. Nc1 Nd4 23. Nxd3 c5 24. Re7 h6 25. Ne5 Rd6 26. Nf7 Rd7 27. Re8+ Kc7 28. Nxh6 Nc6 29. Re6 d4 30. Rxg6 Ne5 31. Rf6 Nc4 32. Rb1 d3 33. Rf7 d2 34. Rd1 Rxf7 35. Nxf7 b5 36. h4 Nxb2 37. Rxd2 Nc4 38. Re2 Nxa3 39. h5 Nb1 40. h6 Nc3 41. Re7+ Kc6 42. h7 b4 43. h8Q Kd5 44. Qe5+ Kc4 45. Nd6+ Kb3 46. Qxc5 a3 47. Qc4+ Kb2 48. Qxb4+ Kc2 49. Rc7 Kd1 50. Qxc3 a2 51. Qc2+ Ke1 52. Re7# 1-0

[Event "Relampago R-019 corr"]
[Site "CXV corr"]
[Date "2001.01.13"]
[Round "?"]
[White "Neto Malvaso, Jose"]
[Black "Lingenover, Peterson"]
[Result "1/2-1/2"]
[WhiteElo "1626"]
[BlackElo "1520"]
[PlyCount "73"]
[EventDate "2001.??.??"]
[EventType "tourn (corr)"]
[EventRounds "6"]
[EventCountry "BRA"]
[SourceTitle "Corr 2004"]
[Source "ChessBase"]
[SourceDate "2003.04.28"]
[SourceVersion "3"]
[SourceVersionDate "2003.04.28"]
[SourceQuality "1"]

1. e4 e6 2. d4 d5 3. exd5 exd5 4. Nf3 Qe7+ 5. Qe2 Qxe2+ 6. Bxe2 Nc6 7. Bf4 Bb4+ 8. c3 Be7 9. Bxc7 Nf6 10. 0-0 0-0 11. Nbd2 Bd8 12. Bxd8 Nxd8 13. Ne5 Be6 14. Rae1 Nc6 15. Bd3 g6 16. Nxc6 bxc6 17. b4 a5 18. a3 axb4 19. axb4 Ra3 20. Rc1 Re8 21. Rfe1 Bd7 22. h3 Rxe1+ 23. Rxe1 Rxc3 24. Re3 Kg7 25. Kf1 Nh5 26. Bb1 Rc1+ 27. Re1 Rxe1+ 28. Kxe1 Nf4 29. Kf1 Ne6 30. Nb3 Kf6 31. h4 h6 32. g3 Ke7 33. Ke2 Kd6 34. Ke3 Nc7 35. Nc5 Bc8 36. Bd3 Ne6 37. f4 1/2-1/2

[Event "CXV R - 015 email"]
[Site "Brazil CXV"]
[Date "2000.10.11"]
[Round "?"]
[White "Boeing Althof, Renato"]
[Black "Lingenover, Peterson"]
[Result "0-1"]
[WhiteElo "1500"]
[BlackElo "1441"]
[PlyCount "70"]
[EventDate "2000.??.??"]
[EventType "tourn (corr)"]
[EventRounds "6"]
[EventCountry "BRA"]
[SourceTitle "Corr 2004"]
[Source "ChessBase"]
[SourceDate "2003.04.28"]
[SourceVersion "3"]
[SourceVersionDate "2003.04.28"]
[SourceQuality "1"]

1. e4 Nf6 2. Nc3 e5 3. Nf3 d6 4. d4 exd4 5. Nxd4 c5 6. Nf3 d5 7. e5 Nh5 8. Ng5 h6 9. Nxf7 Kxf7 10. Qxh5+ g6 11. Qf3+ Bf5 12. Bd3 d4 13. Bxf5 dxc3 14. Be4+ Kg7 15. Bxb7 cxb2 16. Qf6+ Kh7 17. Bxb2 Qa5+ 18. Kd1 Bg7 19. Qe7 Rd8+ 20. Kc1 Nc6 21. Bxc6 Qd2+ 22. Kb1 Rab8 23. a3 c4 24. Bb7 Rd7 25. Qb4 Rbxb7 26. Qxd2 Rxd2 27. Kc1 Rxf2 28. Rb1 h5 29. Ra1 Bh6+ 30. Kb1 c3 31. Ra2 Bg7 32. Kc1 Bxe5 33. Bxc3 Bf4+ 34. Bd2 Bxd2+ 35. Kd1 Rb1# 0-1

[Event "CXV R - 015 email"]
[Site "Brazil CXV"]
[Date "2000.09.08"]
[Round "?"]
[White "Lingenover, Peterson"]
[Black "Marcotulli, Giancarlo"]
[Result "0-1"]
[WhiteElo "1455"]
[BlackElo "2167"]
[PlyCount "80"]
[EventDate "2000.??.??"]
[EventType "tourn (corr)"]
[EventRounds "6"]
[EventCountry "BRA"]
[SourceTitle "Corr 2004"]
[Source "ChessBase"]
[SourceDate "2003.04.28"]
[SourceVersion "3"]
[SourceVersionDate "2003.04.28"]
[SourceQuality "1"]

1. e4 e5 2. Nf3 Nc6 3. b3 Bc5 4. Qe2 d6 5. h3 Nf6 6. a3 0-0 7. b4 Nd4 8. Nxd4 Bxd4 9. c3 Bb6 10. a4 c5 11. a5 Bc7 12. bxc5 dxc5 13. Qd3 Bxa5 14. Ra4 Bc7 15. Ba3 Bd7 16. Rc4 b6 17. g4 a6 18. Bb2 Bb5 19. Qxd8 Rfxd8 20. Na3 Bxc4 21. Bxc4 Nxe4 22. Nb1 b5 23. Be2 Ng5 24. d3 Ne6 25. c4 bxc4 26. dxc4 Rab8 27. 0-0 Rxb2 28. Bf3 Rd3 29. Be4 Rxh3 30. Rd1 Ng5 31. Rd2 Rbb3 32. Rd7 Nxe4 33. Rxc7 h5 34. Nd2 Nxd2 35. Kg2 Rh4 36. f3 Rxf3 37. Rc8+ Kh7 38. g5 Rg4+ 39. Kh2 Nf1+ 40. Kh1 Rh3# 0-1

[Event "CXV R - 015 email"]
[Site "Brazil CXV"]
[Date "2000.09.04"]
[Round "?"]
[White "Marim, Milton"]
[Black "Lingenover, Peterson"]
[Result "1-0"]
[WhiteElo "1523"]
[BlackElo "1500"]
[PlyCount "49"]
[EventDate "2000.??.??"]
[EventType "tourn (corr)"]
[EventRounds "6"]
[EventCountry "BRA"]
[SourceTitle "Corr 2004"]
[Source "ChessBase"]
[SourceDate "2003.04.28"]
[SourceVersion "3"]
[SourceVersionDate "2003.04.28"]
[SourceQuality "1"]

1. e4 Nf6 2. e5 Nd5 3. c4 Nf4 4. d4 e6 5. Bxf4 Bb4+ 6. Nc3 Ba5 7. a3 d6 8. b4 Bb6 9. c5 dxc5 10. dxc5 Qxd1+ 11. Rxd1 0-0 12. cxb6 axb6 13. Bc1 c5 14. Bc4 Nc6 15. Nf3 cxb4 16. axb4 Nxb4 17. 0-0 g6 18. Bg5 Ra3 19. Ne4 b5 20. Nf6+ Kg7 21. Ng4 Re8 22. Bxb5 Re7 23. Bh6+ Kh8 24. Rd8+ Re8 25. Rxe8# 1-0